00714cam a2200229 a 4500001000800000005001700008008004100025010001700066020001500083040001800098041000800116080001300124082001700137100000600154101000800160245006100168504006400229906004500293942001200338999001700350952011700367447087020180813040022.0960502s1996 caua b 001 0 eng  a 96021773  a0962297585 aDLCcDLCdDLC aeng a618.920100a618.9201220 a7 aPED00aNewborn intensive care :c[edited by] Jeanette Zaichkin. aIncludes bibliographical references (p. 415-422) and index. a7bcbccorignewd1eocipf19gy-gencatlg 2ddccBK c47009d47009 00102udc40708PËKGa002b002cPËKGd2018-08-13l0o618.9201 ZAIp002-3010828r2018-08-13w2018-08-13yBK